Copa Mundial de la FIFA 2010 - Estadísticas

Estadísticas generales
  • Esta prueba ha sido intentada 335 veces
  • La puntuación promedio es 26 de 32
Estadísticas de respuestas
GRUPO % Correcto
Argentina
97%
Brasil
97%
España
97%
Alemania
96%
Uruguay
96%
Países Bajos
94%
Sudáfrica
94%
Francia
93%
Italia
93%
Chile
92%
México
91%
Estados Unidos
90%
Portugal
90%
Suiza
90%
Inglaterra
88%
Japón
88%
Paraguay
88%
Corea del Sur
86%
Australia
83%
Nigeria
82%
Ghana
77%
Camerún
74%
Corea del Norte
74%
Honduras
74%
Grecia
72%
Costa de Marfil
67%
Nueva Zelanda
67%
Serbia
67%
Dinamarca
63%
Eslovaquia
61%
Eslovenia
61%
Argelia
59%
No se encontraron pruebas coincidentes
Distribución de puntuación
Porcentaje de gente con cada puntuación
Porcentaje por número respondido
Historial de tus puntuaciones
No has intentado esta prueba.